000 00869nam a2200265 i 4500
001 bg
100 1 _aORŁOWSKI, Zenon
245 1 0 _aDiagnostyka w życiu turbin parowych /
_cZenon Orłowski.
260 _aWarszawa :
_bWydawnictwa Naukowo-Techniczne,
_ccop. 2001.
300 _a209, [1] s., [8] s. tabl. kolor. :
_bil. ;
_c25 cm.
504 _aBibliogr. przy rozdz. - Indeks.
650 9 _aDiagnostyka techniczna
650 9 _aDrgania
_xbadanie
650 9 _aNiezawodność urządzeń
_xbadanie
650 9 _aTurbiny parowe
_xeksploatacja
_xbadanie
655 _aPodręczniki akademickie
020 _a8320426421
040 _cBPK
041 0 _apl
080 _a621.165.004.15:534](075.8)
920 _a83-204-2642-1
942 _cKS
008 s pl f |000 0 pol
999 _c40418
_d40418
856 _uhttp://koha.tu.koszalin.pl/cgi-bin/koha/opac-detail.pl?biblionumber=40418
_yKatalog online BPK